Evaluation of the Performance of the Eco-innovation Systems of the Leading Countries of the European Union
Zhodnotenie výkonnosti inovačných systémov líderských krajín Európskej únie s využitím Regionálnej inovačnej hodnotiacej tabuľky (Regional innovation Scoreboard). Sledovanie vyvíjajúcich sa trendov ekologických inovácií krajín s najvyšším skóre v roku 2018 a 2019, pričom posledné zverejnenie skóre j...
Saved in:
| Main Author: | |
|---|---|
| Format: | Book Chapter |
| Language: | Slovak |
| Subjects: | |
| Tags: |
No Tags, Be the first to tag this record!
|
MARC
| LEADER | 00000naa$a2200000$$$4500 | ||
|---|---|---|---|
| 001 | 0281067 | ||
| 005 | 20240530065311.5 | ||
| 041 | 0 | |a slo | |
| 044 | |a CZ | ||
| 245 | 1 | 0 | |a Evaluation of the Performance of the Eco-innovation Systems of the Leading Countries of the European Union |c Dana Hrušovská |
| 520 | |a Zhodnotenie výkonnosti inovačných systémov líderských krajín Európskej únie s využitím Regionálnej inovačnej hodnotiacej tabuľky (Regional innovation Scoreboard). Sledovanie vyvíjajúcich sa trendov ekologických inovácií krajín s najvyšším skóre v roku 2018 a 2019, pričom posledné zverejnenie skóre je za rok 2019 v jednotlivých tematických oblastiach. Predmetom výskumu Luxemburg, Nemecko a Švédsko. | ||
| 610 | 2 | 0 | |a Európska únia |
| 610 | 2 | 0 | |a inovácia |
| 610 | 2 | 0 | |a inovácie environmentálne |
| 610 | 2 | 0 | |a systémy inovačné |
| 610 | 2 | 0 | |a ekológia |
| 100 | 1 | |a Hrušovská, Dana, 1964- | |